000 00584nam a2200253Ia 4500
003 OSt
005 20220912145620.0
006 a|||||r|||| 00| 0
007 ta
008 220909b |||||||| |||| 00| 0 eng d
024 _a71471
037 _cTextual
040 _aCSL
_beng
_cCSL
041 _aeng
082 _aG:5.195, J5
100 _aFord R L E
245 0 _aPond life
260 _c1955
300 _ap.
_ccm.
490 _aBlacks roung naturalists
650 _aEcology
942 _hG:5.195, J5
_cTEXL
_2CC
999 _c34899
_d34899